Jahrbücher für Nationalökonomie und Statistik

Salvato in:
Dettagli Bibliografici
Natura: Periodico
Lingua:tedesco
Pubblicazione: Stuttgart Fischer 1990
Soggetti:
Tags: Aggiungi Tag
Nessun Tag, puoi essere il primo ad aggiungerne!!

MARC

LEADER 00000nas2a2200000 4500
001 s006406
005 20041019155326.6
041 0 |a ger 
044 |a DE 
245 1 0 |a Jahrbücher für Nationalökonomie und Statistik 
264 1 |a Stuttgart  |b Fischer  |c 1990 
300 |a 1 zv. 
773 0 |w eu_un_cat*s120811 
610 2 0 |a ekonómia politická 
610 2 0 |a štatistika